Шипченската епопея [Изобразителен материал] (Запис номер 376087)
[ съкратено ]
| 000 -Лидер | |
|---|---|
| Контролно поле с фиксирана дължина | 01581nkm a2200313 a 4500 |
| 003 - Код на организацията, давaща контролен номер | |
| Контролно поле | BLK |
| 005 - Дата и час на последна редакция | |
| Контролно поле | 20250128124831.0 |
| 008 - Елементи от данни с фиксирана дължина | |
| fixed length control field | 200721b bu ||||| |||| 00| 0 bu d |
| 040 ## - Източник на каталожния запис | |
| Идентификатор на билиотеката - собственик на записа | BLK |
| 041 ## - Код за език | |
| Код за езика на текст/звукозапис или на отделно заглавие | Български |
| Код за езика КДБФ | Български |
| 080 ## - УДК | |
| Текстов определител УДК | Освобождение на България. Руско-турска война (1877-1878) |
| УДК код - определител по УДК | 94(497.2)"1877/1878" |
| УДК - код + определител | 94(497.2)"1877/1878" |
| 080 ## - УДК | |
| Текстов определител УДК | Живопис |
| УДК код - определител по УДК | 75 |
| УДК определител | (497.2) |
| УДК - код + определител | 75(497.2) |
| 100 1# - Редна дума - Автор | |
| R(LIN) | 129407 |
| Автор | Тодоров, Слави |
| Авторска отговорност | първи автор |
| 245 ## - Сведения за заглавието | |
| Заглавие | Шипченската епопея [Изобразителен материал] |
| Подзаглавни данни | комплект снимки |
| Редно поле (дума) | Слави Тодоров ; ред. Райна Заимова |
| 260 ## - Област на издателските данни | |
| 9 (RLIN) | 210539 |
| Място на издаване, разпространение и проч. | София |
| Име на издателя, разпространителя и проч. | Септември |
| Година на издаване | 1984 |
| 300 ## - Физическа характеристика | |
| Страници | 1 папка (14 с. текст, 12 отд. л.) |
| Илюстрации и др. | цв. снимки |
| Размери/Мащаб | 13 x 16 см |
| 380 ## - Жанр | |
| Жанр | История |
| 500 ## - Общи забележки | |
| Забележка | Името на авт. отбелязано в изд. каре. - Загл. в изд. каре: Храм-паметникът в град Шипка. - 5 000 тир. |
| 650 #7 - Допълнително описание по предмет – тема | |
| Основно описание – тема или топоним | Руско-турска освободителна война 1877 - 1878 - албуми |
| Източник на редна или ключова дума | |
| 9 (RLIN) | 170040 |
| 653 #7 - Ключова дума – ненормативна | |
| 9 (RLIN) | 200834 |
| Ключова дума | Шипка |
| 653 #7 - Ключова дума – ненормативна | |
| 9 (RLIN) | 195924 |
| Ключова дума | Руско-турска освободителна война 1877-1878 |
| 653 #7 - Ключова дума – ненормативна | |
| 9 (RLIN) | 193250 |
| Ключова дума | паметници |
| 653 #7 - Ключова дума – ненормативна | |
| 9 (RLIN) | 188362 |
| Ключова дума | картини |
| 700 ## - Други автори (авторска отговорност) | |
| 9 (RLIN) | 1311 |
| Лично име | Заимова, Райна |
| Автороска отговорност (Описва отношението между автора и произведението) | ред. |
| 852 ## - Местоположение | |
| Форматна сигнатура | Цб І 38550 |
| Фондова буква | Хранилище |
| 999 ## - СИСТЕМНИ КОНТРОЛНИ НОМЕРА | |
| Koha biblionumber | 376087 |
| Koha biblioitemnumber | 376087 |
| 942 ## - АРТИКУЛИ | |
| Вид на библиотечния материал | Графични издания |
| Скрит в OPAC | Не |
| Периодичен библиозапис | Да |
| 944 ## - СЪЗДАВАНЕ И РЕДАКЦИЯ на ЗАПИСА | |
| Създаване/Редакция | Създаване |
| Дата на регистрацията/редакция | 2020-07-21 |
| Служител, извършил регистрацията/редакцията | 30560 |
| Статус, дата на статуса | Геновева Генчева |
| 999 ## - СИСТЕМНИ КОНТРОЛНИ НОМЕРА | |
| Koha biblioitemnumber | 376087 |
| Код за отписване | Код за изгубен артикул | Източник на класификационната схема | Код за повреда | Коз за рестрикции | Код за отдаване | Артикулен № | Име на библиотеката - собственик | Име на библиотеката, в която се намира в момента | Статус (Текущо местоположение) | Дата на вписване в системата | Местоположение - отдел | Цена в лева | Инвентарен номер | Систематично азбучна сигнатура | Баркод | Цена в евро | Служебен тип на артикула |
|---|---|---|---|---|---|---|---|---|---|---|---|---|---|---|---|---|---|
| Не е изгубен | Universal Decimal Classification | Не е повреден | без рестрикции | ползва се в читалня | 785107 | Регионална библиотека "Любен Каравелов" Русе | Регионална библиотека "Любен Каравелов" Русе | Хранилище | 2020-07-22 | Хранилище | 2.20 | 418771 | Цб I 38550 | 120000418771 | 1.12 | Графични издания |